000 01130cam a2200301 4500
008 020722n2002 000 0 eng u
020 _a0750654198
035 _a(Sirsi) u118967
041 _aeng
050 _a657.76
_c18
100 _aEales, Brian A.
245 _aDerivative instruments
_ba guide to theory and practice
260 _aOxford
_bButterworth-Heinemann
_c2002
300 _axiii, 257p.
_c24cm.
350 _a50
490 _aButterworth-Heinemann Finance Series
520 _aA concise guide to the main derivative instruments used in financial markets, aimed at both practitioners and students. Explains how derivatives are structured, analysed, valued and hedged. Covers interest rate derivatives, credit derivatives, equity derivatives, option instruments and structured products.
520 _aAccompanied by a CD-Rom that is not available for loan (L147125).
650 _aFINANCIAL INSTRUMENTS
650 _aDERIVATIVES
650 _aValuation
_96273
650 _aINVESTMENT
650 _aOPTIONS
650 _aSWAPS
690 _aFINANCE
700 _aChoudhry, Moorad
942 _n0
999 _c102225
_d102225